MARC

LEADER 00000nas a2200000 a 4500
001 ssj0005994
003 WaSeSS
005 20200512172242.0
006 m d
007 cr n
008 991108c19989999nyubr pss 0 a0eng c
010 |a  2001229152 
015 |a 02,A33,0742  |2 dnb 
016 7 |a 019736037  |2 DE-101 
016 7 |a 1480651-4  |2 DE-600 
016 7 |a 013087434  |2 Uk 
022 |a 1435-1102  |y 1434-1816 
024 8 |a WWW 49/SOJ-737 
024 8 |a eb567253 
035 |a (WaSeSS)ssj0005994 
040 |a GAT  |b eng  |e pn  |c GAT  |d OH1  |d FUG  |d OCLCQ  |d OCL  |d VRC  |d UKMGB  |d OCLCQ  |d OCLCF  |d EUW  |d OCLCQ  |d WT2  |d NLC  |d OCLCQ  |d SHS  |d GEBAY  |d IL4I4  |d GWDNB  |d DEBBG  |d OCLCO  |d OCLCQ  |d OCLCA  |d AU@  |d VT2  |d DLC  |d OCLCA  |d NJT  |d CASUM  |d CNMTR  |d OCLCA  |d SFB  |d OCLCA  |d WaSeSS 
042 |a pcc 
050 0 0 |a RC451.4.W6 
060 0 0 |a W1  |b AR49P 
082 1 4 |a 616.890082 
130 0 |a Archives of women's mental health (Online) 
245 1 0 |a Archives of women's mental health  |h [electronic resource]. 
260 |a Wien ;  |a New York :  |b Springer,  |c 1998- 
310 |a Bimonthly,  |b 2006- 
321 |a Four no. a year,  |b -2005 
362 0 |a Vol. 1, no. 1 (1998)- 
500 |a Title from journal information screen. 
506 |a License restrictions may limit access. 
538 |a Mode of access: World Wide Web. 
550 |a Official journal of the Section on Women's Mental Health of the World Psychiatric Association. 
588 |a Latest issue consulted: Vol. 22, issue 1 (Feb. 2019) (SpringerLink website, viewed Mar. 15, 2019). 
650 0 |a Women  |x Mental health  |v Periodicals. 
650 0 |a Women  |x Psychology  |v Periodicals. 
650 7 |a Women  |x Mental health.  |2 fast  |0 (OCoLC)fst01176848 
650 7 |a Women  |x Psychology.  |2 fast  |0 (OCoLC)fst01176894 
650 7 |a Psychische Störung  |2 gnd 
650 7 |a Zeitschrift  |2 gnd 
650 7 |a Online-Ressource  |2 gnd 
650 0 7 |a Frau.  |2 swd 
650 1 2 |a Mental Disorders. 
650 2 2 |a Women  |x psychology. 
650 2 2 |a Women's Health. 
655 0 |a Electronic journals. 
710 2 |a World Psychiatric Association.  |b Section on Women's Mental Health. 
776 1 |t Archives of women's mental health  |x 1434-1816  |w (DLC)sn 99039615  |w (OCoLC)41640448 
850 |a DLC 
856 4 0 |z Full text available from Research Library: 11/01/2001 to 1 year ago  |u https://search.proquest.com/publication/32254